Online Catalogue and eLibrary

Microelectronics and office jobs : (Record no. 2727)

MARC details
000 -LEADER
fixed length control field 00476nam a2200169Ia 4500
005 - DATE AND TIME OF LATEST TRANSACTION
control field 20240426005556.0
008 - FIXED-LENGTH DATA ELEMENTS--GENERAL INFORMATION
fixed length control field 240331s9999 xx 000 0 und d
020 ## - INTERNATIONAL STANDARD BOOK NUMBER
ISBN 9221032787
082 ## - DDC Classification
Item Number - Author Mark WER
Class No. 331.4
100 ## - MAIN ENTRY--PERSONAL NAME
Personal name Werneke, Diane
245 #0 - TITLE STATEMENT
Title Microelectronics and office jobs :
Remainder of title the impact of the chip on women's employment
Statement of responsibility, etc. Diane, Werneke.
250 ## - EDITION STATEMENT
Edition statement 1 st
260 ## - PUBLICATION, DISTRIBUTION, ETC.
Name of publisher, distributor, etc. International Labor Organization
Date of publication, distribution, etc. 1983
300 ## - PHYSICAL DESCRIPTION
Extent (e.g. Volumes, Pages etc.) 102 p .,
650 ## - SUBJECT ADDED ENTRY--TOPICAL TERM
Topical term or geographic name entry element Social
942 ## - Koha item type (Biblio)
Koha item type Books in Stacks (Lending)
Holdings
Lost status Damaged status Collection code Home library Current library Shelving location Date acquired Full call number Accession Number Item type
    Lending WERC Library WERC Library Social Science Cupboard 03/31/2024 331.4 WER 369 Books in Stacks (Lending)

© WERC Library